000 00554nam a2200181 i 4500
001 72760
003 ES-MaACL
005 20230906171540.0
007 t|
008 040902s1971 sp ||||1| spa d
100 1 _aGoethe, Johann Wolfgang von,
_d1749-1832
_957568
245 1 4 _aLas afinidades electivas /
_cJ.W. Goethe ; [traducción, Ramón Arias].
260 _aBarcelona :
_bMateu,
_c[1971] (
_fLahaña)
300 _a297 p. ;
_c17 cm.
700 1 _aArias, Ramón.
_922757
852 _aES-MaACL
_jC-40875
_bR.79045
999 _c72760
_d72760